A magyarországi szétválások jellemzői és pénzügyi hatásai

Bibliográfiai részletek
Szerző: Ördög Lajos Péter
További közreműködők: Kucséber Dr. László Zoltán
Dokumentumtípus: TDK dolgozat
Kulcsszavak:átalakulás
hatás(ok)
Magyarország
szétválás
szétválások
Online Access:http://dolgozattar.uni-bge.hu/60454

MARC

LEADER 00000nta a2200000 i 4500
001 dolg60454
005 20260416073727.0
008 260416suuuu hu o 000 hun d
040 |a BGE Dolgozattár Repozitórium  |b hun 
041 |a hu 
100 1 |a Ördög Lajos Péter 
245 1 2 |a A magyarországi szétválások jellemzői és pénzügyi hatásai  |c Ördög Lajos Péter  |h [elektronikus dokumentum] 
516 |a Students_Scientific_Association_paper 
520 3 |a A vállalatok átalakulása a gazdasági környezetben gyakran előforduló jelenség, amely jelentős hatással van a cégek működésére, pénzügyeire és szervezeti felépítésére, és ezen felül a gazdaság egészére is. Ezek a folyamatok nem csupán jogi események, hiszen ezek gyakran gazdasági megfontolásból történnek. A szétválás az átalakulás egyik formája, amely során egy szétváló gazdasági társaság vagyona több jogutód gazdasági társaság között oszlik meg. Ennek következtében a vállalat egyes tevékenységei elkülönülnek, új egységek jönnek létre, ami lehetővé teszi, hogy a vállalat fókuszáltabban működjön és optimalizálja működését. A kutatás célja, hogy hozzájáruljon a szétválások magyarországi sajátosságainak és azok gazdasági hatásainak mélyebb megértéséhez. A kutatás a hazai szétválási esetek általános és pénzügyi jellemzőit vizsgálja, különös tekintettel arra, hogy milyen következményekkel járnak a vállalatok pénzügyi teljesítményére nézve. Ennek keretében a dolgozatomban két kutatási kérdésre keresek választ: 1) Mik az általános jellemzői a magyarországi vállalati szétválásoknak? 2) Hogyan változik a vállalatok pénzügyi teljesítménye a szétválás után? A kutatásom folyamán pénzügyi és nem pénzügyi mutatószámokat elemeztem, amelyek saját készítésű adatbázison alapulnak. Az adatbázis 10, 2022 júniusában megtörtént szétválási eseten alapul, amelyekhez az adatokat a cégek által a Cégközlönyben közzétett szétválási közlemények és a cégek éves beszámolói tartalmazzák. A szétválások leggyakoribb módja a kiválás, és leggyakrabban a szolgáltatási ágazatban történik. A legtöbb esetben a vagyon több, mint 50%-a megmarad a jogelőd vállalatban. A kötelezettségeket csak kis mértékben vállalja át a jogutód vállalat. A szétválás után nem javult a jogelőd cégek saját tőkéhez viszonyított nyereségessége, míg a jogutód vállalatok esetében a szétválást követően pedig gyengébb volt, mint a jogelődöké. Az eladósodottság és a likviditás alakulására nem volt lényeges hatása a szétválásoknak, ezeket inkább a járvány miatt kialakult gazdasági helyzet alakította. A szétválások magyarországi esetei viszonylag kevéssé feldolgozott témának számítanak, ezért jelen munka a felvásárlások és szétválások hazai szakirodalmának bővítéséhez kíván hozzájárulni. 
695 |a átalakulás 
695 |a hatás(ok) 
695 |a Magyarország 
695 |a szétválás 
695 |a szétválások 
700 1 |a Kucséber Dr. László Zoltán  |e ths 
856 4 0 |u http://dolgozattar.uni-bge.hu/60454/1/%C3%96rd%C3%B6g%20Lajos%20P%C3%A9ter%20TDK%20dolgozat.pdf  |z Dokumentum-elérés 
856 4 0 |u http://dolgozattar.uni-bge.hu/60454/2/%C3%96rd%C3%B6g%20Lajos%20P%C3%A9ter%20rez%C3%BCm%C3%A9.pdf  |z Dokumentum-elérés 
856 4 0 |u http://dolgozattar.uni-bge.hu/60454/3/%C3%96rd%C3%B6g%20Lajos%20P%C3%A9ter%20HSZ.pdf  |z Dokumentum-elérés 
856 4 0 |u http://dolgozattar.uni-bge.hu/60454/4/%C3%96rd%C3%B6g_biralat.pdf  |z Dokumentum-elérés